000 00226 a2200097 4500
001 45291
100 _aConway H.D
245 _aAircraft strength of materials
260 _aLondon
_bChapman hall ltd
_c
090 _c28472
_d28472
942 _aNUST-CAE
_cM
_c20527
999 _c280364
_d280364